Most-Searched Cities on Wikipedia - Statistics

General Stats
  • This quiz has been taken 35,225 times
    20,640 since last reset
  • The average score is 21 of 32
Answer Stats
Views Location City % Correct
75 mil North America New York City
99%
61 mil Europe London
95%
37 mil Europe Paris
95%
40 mil North America Los Angeles
91%
25 mil Far East Tokyo
91%
28 mil Europe Rome
89%
20 mil Europe Vatican City
89%
22 mil Europe Berlin
86%
36 mil North America Chicago
79%
26 mil North America Toronto
75%
21 mil Europe / Asia Istanbul
74%
20 mil Far East Shanghai
73%
44 mil Middle East Dubai
71%
23 mil Europe Barcelona
70%
30 mil North America San Francisco
70%
35 mil North America Washington, D.C.
69%
20 mil South America Rio de Janeiro
68%
63 mil Southeast Asia Singapore
68%
50 mil Far East Hong Kong
67%
30 mil South Asia Mumbai
65%
23 mil Europe Amsterdam
62%
23 mil North America Boston
60%
21 mil Middle East Jerusalem
60%
22 mil North America Seattle
51%
20 mil North America Vancouver
50%
26 mil North America Philadelphia
46%
25 mil South America - ancient Machu Picchu
42%
21 mil Europe Venice
34%
20 mil Europe - ancient Sparta
25%
25 mil Europe Monaco
18%
20 mil Far East Macau
15%
21 mil Europe - ancient Pompeii
15%
No matching quizzes found
Score Distribution
Percent of People with Each Score
Percentile by Number Answered
Your Score History
You have not taken this quiz since the last reset